000 00297nam a2200109Ia 4500
008 220204s9999 xx 000 0 und d
082 _a332.021.8:63(548.3)
245 0 _aKerala agrarian relations bill 1957
260 _aTrivandrum
_bSecreatariat
_c1957
650 _aAgrarian structure
942 _cBK
999 _c20148
_d20148